| 000 | 00425 a2200145 4500 | ||
|---|---|---|---|
| 005 | 20250625112825.0 | ||
| 020 | _a0-07-294778-0 | ||
| 082 | _a808.042 DIE | ||
| 100 | _aDIETSCH, B | ||
| 245 | _aReasoning & Writing Well: A Rhetoric, Research Guide, Reader and Handbook | ||
| 250 | _a3rd Ed. | ||
| 260 |
_aNew York _bMcGraw-Hill Irwin _c2003. |
||
| 300 |
_axlvii,732p.: ill.; pictures _bIndex, Glossary _c23cm |
||
| 942 |
_2ddc _cBKS |
||
| 999 |
_c5028 _d5028 |
||